Normal view
MARC view
- Buenos Aires (Argentina)
Entry Geographic Name
001 - CONTROL NUMBER
- control field: 24358
003 - CONTROL NUMBER IDENTIFIER
- control field: NUST
005 - DATE AND TIME OF LATEST TRANSACTION
- control field: 20191018104758.0
008 - FIXED-LENGTH DATA ELEMENTS
- fixed length control field: 191018|| aca||aabn | a|a d
040 ## - CATALOGING SOURCE
- Original cataloging agency: NUST
- Transcribing agency: NUST
151 ## - HEADING--GEOGRAPHIC NAME
- Geographic name: Buenos Aires (Argentina)
- Form subdivision: Pictorial works.
670 ## - SOURCE DATA FOUND
- Source citation: Work cat.: (NUST)0: Sessa, Aldo, 1939- 24141, Buenos Aires panorama /, c1998.
